Genetic fundamentals and genetic engineering.V 2 (Record no. 41086)

MARC details
000 -LEADER
fixed length control field 00427nam a2200157Ia 4500
082 ## - DEWEY DECIMAL CLASSIFICATION NUMBER
Classification number 573.6
Item number PUH
245 #0 - TITLE STATEMENT
Title Genetic fundamentals and genetic engineering.V 2
250 ## - EDITION STATEMENT
Edition statement Rev. Ed.2
260 ## - PUBLICATION, DISTRIBUTION, ETC. (IMPRINT)
Place of publication New York
Name of publisher VCH Publishers
Year of publication 1993
490 ## - SERIES STATEMENT
Series statement Biotechnology H J Rehm
650 ## - SUBJECT ADDED ENTRY--TOPICAL TERM
Topical Term Biosafety concepts
650 ## - SUBJECT ADDED ENTRY--TOPICAL TERM
Topical Term Molecular genetics
700 ## - ADDED ENTRY--PERSONAL NAME
Personal name Puhler, A
942 ## - ADDED ENTRY ELEMENTS (KOHA)
Koha item type Books
Holdings
Withdrawn status Lost status Damaged status Not for loan Home library Current library Date acquired Cost, normal purchase price Full call number Accession Number Koha item type
        RRII Library RRII Library 16/12/2021 520.00 573.6 PUH 21378 Books